|
|
|
|
| LEADER |
00000nam a2200000 i 4500 |
| 001 |
1/85603 |
| 008 |
960701s1986 gre d |
| 035 |
|
|
|a 1987
|c Αγορά
|l 10034740
|
| 040 |
|
|
|a GR-MY-UA
|b gre
|e aacr
|
| 041 |
0 |
|
|a gre
|
| 082 |
0 |
|
|a 157
|
| 100 |
1 |
|
|a Πιπερόπουλος, Γιώργος.
|
| 245 |
1 |
0 |
|a Ενας ψυχολόγος κοντά σου /
|c Γιώργος Πιπερόπουλος
|
| 260 |
|
|
|a [Θεσσαλονίκη] :
|b [χ.ό.],
|c 1986
|
| 300 |
|
|
|a 239 σ.
|
| 650 |
0 |
0 |
|a Psychology, Pathological.
|
| 650 |
0 |
0 |
|a Psychoses.
|
| 650 |
0 |
0 |
|a Neuroses.
|
| 650 |
0 |
0 |
|a Subconsciousness.
|
| 852 |
|
|
|a INST
|b RHODES
|e 19960701
|h 157 ΠΙΠ
|p 005400006021
|q 005400006021
|t BK
|y 0
|
| 909 |
|
|
|a Ρ
|b 005493
|